Statistiken für Länder Flagge + Umriss Quiz #8

Klicken Sie hier um das Quiz zu spielen!

Allgemein

  • Dieses Quiz wurde 837 mal gespielt
  • Das Durchschnittsergebnis liegt bei 14 aus 16

Antwortstatistiken

Antwort% Korrekt
Irland
98%
Niederlande
96%
Vatikanstadt
96%
Bulgarien
93%
Irak
93%
Slowenien
93%
Ghana
88%
Bangladesch
87%
Kenia
87%
Paraguay
87%
Laos
85%
Ecuador
83%
Kambodscha
83%
Äthiopien
77%
Libyen
76%
Malawi
72%

Verteilung der Resultate

Perzentil nach korrekt beantworteten Fragen

Anzahl Personen mit jedem Resultat

Ihre Resultats-Entwicklung

Sie haben dieses Quiz noch nicht gespielt